BIBLIOTECA PODER JUDICIAL
Portal Judicial TDF

Donación inoficiosa. (Colación y planificación de la sucesión en empresas familiares) / (Registro nro. 5267)

000 -LEADER
fixed length control field 01845nab a22003137a 4500
003 - CONTROL NUMBER IDENTIFIER
control field OSt
005 - DATE AND TIME OF LATEST TRANSACTION
control field 20250209232508.0
008 - FIXED-LENGTH DATA ELEMENTS--GENERAL INFORMATION
fixed length control field 190603e xxum|||| |||| 00| 0 spa d
040 ## - CATALOGING SOURCE
Transcribing agency PJ
100 ## - MAIN ENTRY--PERSONAL NAME
9 (RLIN) 6321
Personal name Van Thienen, P. Augusto
245 13 - TITLE STATEMENT
Title Donación inoficiosa. (Colación y planificación de la sucesión en empresas familiares) /
Statement of responsibility, etc P. Augusto Van Thienen.
260 ## - PUBLICATION, DISTRIBUTION, ETC. (IMPRINT)
Date of publication, distribution, etc Ciudad Autónoma de Buenos Aires :
Place of publication, distribution, etc Thomson Reuters La Ley,
Name of publisher, distributor, etc 2025.
300 ## - PHYSICAL DESCRIPTION
Extent p. 252-261.
500 ## - GENERAL NOTE
General note Cita Online: TR LALEY AR/DOC/60/2025.<br/>Publicado en: RCCyC 2025 (febrero) , 252.
505 ## - FORMATTED CONTENTS NOTE
Formatted contents note Sumario: I. Introducción.— II. Legítima (imperativa) y sucesión de empresas familiares.— III. Donación (inoficiosa) y planificación de la sucesión.— IV. Acción de colación y reducción. Valor de la empresa en marcha.— V. La gestión del fundador y la relación de control.— VI. Externalidades (negativas) del modelo sucesorio argentino.— VII. Hablemos sobre planificación sucesoria y violencia de género.— VIII. Mis conclusiones.
505 ## - FORMATTED CONTENTS NOTE
Formatted contents note Fallo Comentado: SC Mendoza, sala I ~ 05/08/2024 ~ Z., M. C. c. Z., J.A. y otros s/ acciones sucesorias s/ recurso extraordinario provincial.
505 ## - FORMATTED CONTENTS NOTE
Title ¿Te interesa el texto completo? Solicitalo al correo: koha@justierradelfuego.gov.ar
650 #0 - SUBJECT ADDED ENTRY--TOPICAL TERM
9 (RLIN) 888
Topical term or geographic name as entry element SUCESIONES
650 #0 - SUBJECT ADDED ENTRY--TOPICAL TERM
9 (RLIN) 1037
Topical term or geographic name as entry element HERENCIA
650 #0 - SUBJECT ADDED ENTRY--TOPICAL TERM
9 (RLIN) 4553
Topical term or geographic name as entry element PARTICION DE LA HERENCIA
650 #0 - SUBJECT ADDED ENTRY--TOPICAL TERM
9 (RLIN) 4044
Topical term or geographic name as entry element PERSPECTIVA DE GÉNERO
650 #0 - SUBJECT ADDED ENTRY--TOPICAL TERM
9 (RLIN) 3053
Topical term or geographic name as entry element VIOLENCIA DE GÉNERO
650 #0 - SUBJECT ADDED ENTRY--TOPICAL TERM
9 (RLIN) 1679
Topical term or geographic name as entry element SOCIEDAD DE FAMILIA
650 #0 - SUBJECT ADDED ENTRY--TOPICAL TERM
9 (RLIN) 6322
Topical term or geographic name as entry element DONACION INOFICIOSA
650 #0 - SUBJECT ADDED ENTRY--TOPICAL TERM
9 (RLIN) 5756
Topical term or geographic name as entry element PARTICIPACIÓN DE UNA SOCIEDAD EN OTRA
653 ## - INDEX TERM--UNCONTROLLED
Uncontrolled term PROCESO SUCESORIO
773 0# - HOST ITEM ENTRY
Host Biblionumber 2713
Host Itemnumber 3170
Place, publisher, and date of publication Ciudad Autónoma de Buenos Aires : Thomson Reuters La Ley, 2015-
Title Revista Código Civil y Comercial. Nº 1 - Febrero 2025
942 ## - ADDED ENTRY ELEMENTS (KOHA)
Source of classification or shelving scheme
Koha item type Analítica Artículo de Revista

No hay ítems disponibles.

12 de Octubre 789 Ushuaia - Tel:  54(02901)441571
Horario de Atención: 8.00 a 17.00 hs. 
bibliotecaush@justierradelfuego.gov.ar
koha@justierradelfuego.gov.ar
Seguinos en nuestras redes @bibliojustdf 

Con tecnología Koha